Infecciones respiratorias en niños / (Registro nro. 128)

Detalles MARC
000 -LEADER
fixed length control field 01035 am a2200325 a 4500
005 - FECHA ULTIMA MODIFICACION
control field 20240523111533.0
008 - CAMPO DE CONTROL (LIBRO)
fixed length control field 100315s1997||||waud f |||| 001 0 spa d
020 ## - INTERNATIONAL STANDARD BOOK NUMBER
ISBN 9275322066
041 ## - CODIGO DE IDIOMA
Código de idioma del texto/pista de sonido o título separado spa
092 ## - SIGNATURA TOPOGRAFICA DEWEY LOCAL
número de clasificación 618.92
libristica 6
sección BEN
245 ## - TITULO PROPIAMENTE DICHO
Título Infecciones respiratorias en niños /
Mención de responsabilidad y remanente de la transcripción de la portada Yehuda Benguigui
250 ## - MENCION DE EDICION
Mención de edición 1a ed.
260 ## - PIE DE IMPRENTA
Lugar de publicación, distribución, etc Washington:
Nombre de la editorial, distribuidor, etc OPS;
Fecha de publicación 1997.
300 ## - DESCRIPCION FISICA
Extension 494 p.
500 ## - NOTA GENERAL
Nota general Benguigui, Y. et al. (1997). Infecciones respiratorias en niños. (1a ed.). Washington : OPS.
590 ## - NOTAS LOCALES (RLIN)
Nota local Donación Antonella Tamburry, Octubre 2009
653 ## - TÉRMINO INDIZADO - PALABRAS CLAVES
Palabra clave Magnitud del problema
653 ## - TÉRMINO INDIZADO - PALABRAS CLAVES
Palabra clave Aspectos etiológicos
653 ## - TÉRMINO INDIZADO - PALABRAS CLAVES
Palabra clave Aspectos clínicos y tratamiento
653 ## - TÉRMINO INDIZADO - PALABRAS CLAVES
Palabra clave Prevención y control
653 ## - TÉRMINO INDIZADO - PALABRAS CLAVES
Palabra clave Desarrollo de las acciones de control de las IRA a nivel local
700 1# - ENTRADAS SECUNDARIAS - NOMBRE PERSONAL
Nombre personal Benguigui, Yehuda
9 (RLIN) 490
700 1# - ENTRADAS SECUNDARIAS - NOMBRE PERSONAL
Nombre personal López Antuñano, Francisco J.
9 (RLIN) 491
700 1# - ENTRADAS SECUNDARIAS - NOMBRE PERSONAL
Nombre personal Schmunis, Gabriel.
9 (RLIN) 492
700 1# - ENTRADAS SECUNDARIAS - NOMBRE PERSONAL
Nombre personal Yunes, Joao.
9 (RLIN) 493
930 ## - NUMERO DE INVENTARIO
Número de inventario 985
930 ## - NUMERO DE INVENTARIO
Número de inventario 2009
930 ## - NUMERO DE INVENTARIO
Número de inventario 2139
942 ## - ADDED ENTRY ELEMENTS (KOHA)
Source of classification or shelving scheme Dewey Decimal Classification
Item type Libros
Existencias
Estado de retiro Existencia Fuente de clasificación Estado general No para prestamo Colección Ubicación permanente ubicación actual Sala de ubicación Fecha de adquisición Total Checkouts Número de clasificación Código de barras Date last seen Número de ejemplar Price effective from Koha tipo de elemento (item) Public note Date last borrowed
    Dewey Decimal Classification     Reference Biblioteca Medicina Biblioteca Medicina Referencia 13/05/2011   618.92 6 BEN 985 06/11/2014 ej.1 13/05/2011 Reference LIBRO DE CONSULTA  
            Biblioteca Medicina Biblioteca Medicina Circulación 13/05/2011 3 618.92 6 BEN 2009 08/04/2015 ej.2 13/05/2011 Libros   06/04/2015
            Biblioteca Medicina Biblioteca Medicina Circulación 13/05/2011 7 618.92 6 BEN 2139 10/11/2021 ej.3 13/05/2011 Libros   04/11/2021

UNIVERSIDAD NACIONAL DEL COMAHUE
Biblioteca de la Facultad de Ciencias Médicas
Sede Toschi: Los Arrayanes y Av. Toschi, Cipolletti  - Rio Negro
Sede Los Tordos:  Yrigoyen al 2211, Cipolletti - Rio Negro 

Teléfono: 0299 - 4774707 int 25
Contacto: biblioteca@facimed.uncoma.edu.ar
© 2011 - 2026